[Event "Basel Swiss YM"]
[Site "Basel"]
[Date "2024.04.04"]
[Round "6"]
[White "Schlegel, Igor"]
[Black "Mattenberger, Matthias"]
[Result "0-1"]
[WhiteElo "2196"]
[BlackElo "2239"]
[PlyCount "108"]
[EventDate "2024.03.30"]
[EventType "tourn"]
[EventRounds "9"]
[EventCountry "SUI"]
[EventCategory "4"]
[SourceTitle "CB15_2024"]
[SourceDate "2024.04.10"]
[SourceVersion "1"]
[SourceVersionDate "2024.04.10"]
[SourceQuality "1"]

1. c4 e5 2. Nc3 Nf6 3. Nf3 Nc6 4. g3 d5 5. cxd5 Nxd5 6. Bg2 Nxc3 7. bxc3 Bc5 8. 0-0 0-0 9. d3 Rb8 10. Nd2 Be6 11. Nb3 Be7 12. Be3 Qd7 13. d4 exd4 14. cxd4 Rfd8 15. Nc5 Bxc5 16. dxc5 Qe7 17. Qa4 Bd5 18. Bh3 Ne5 19. Rfd1 Bc6 20. Qc2 Qf6 21. Qf5 Qe7 22. Rd4 Bd7 23. Qh5 Bxh3 24. Rh4 Qf6 25. Qxh7+ Kf8 26. Rxh3 Nf3+ 27. Kg2 Qxa1 28. exf3 Qf6 29. Rh4 Qg6 30. Qh8+ Ke7 31. Re4+ Qxe4 32. Bg5+ Kd7 33. Qxd8+ Rxd8 34. fxe4 f6 35. Be3 b6 36. Kf3 Kc6 37. cxb6 axb6 38. Kg4 Kd7 39. Kf5 Ke7 40. Kg6 Kf8 41. h4 c5 42. h5 Rd6 43. h6 gxh6 44. Bxh6+ Ke7 45. Kg7 Ke6 46. f4 f5 47. Bg5 Rd4 48. Kg6 Rxe4 49. g4 fxg4 50. f5+ Kd7 51. f6 Re8 52. f7 Rc8 53. Be3 Ke6 54. a4 Rf8 0-1

[Event "SUI-ch op 122nd"]
[Site "Leukerbad"]
[Date "2023.07.16"]
[Round "2"]
[White "Shahmammadli, Safkhan"]
[Black "Schlegel, Igor"]
[Result "0-1"]
[WhiteElo "2071"]
[BlackElo "2298"]
[PlyCount "76"]
[EventDate "2023.07.07"]
[EventType "swiss"]
[EventRounds "9"]
[EventCountry "SUI"]
[SourceTitle "EXT 2024"]
[Source "ChessBase"]
[SourceDate "2023.10.10"]
[SourceVersion "1"]
[SourceVersionDate "2023.10.10"]
[SourceQuality "1"]

1. e4 c5 2. Nc3 Nc6 3. Bb5 Nd4 4. Nf3 Nxb5 5. Nxb5 d6 6. d4 Nf6 7. Nc3 cxd4 8. Qxd4 e5 9. Qd3 h6 10. Nd2 Be6 11. Nc4 Rc8 12. Ne3 a6 13. a4 Qb6 14. 0-0 Be7 15. Rd1 0-0 16. a5 Qc5 17. Bd2 Bd8 18. Be1 Bxa5 19. Ncd5 Bd8 20. Bb4 Qc6 21. Bxd6 Bxd5 22. Bxf8 Bxe4 23. Qa3 Bb6 24. Be7 Nh5 25. Qa4 Bxe3 26. fxe3 Qxc2 27. Qxc2 Rxc2 28. Ra4 Rxg2+ 29. Kf1 Bf3 30. Rh4 Rxb2 31. Rd8+ Kh7 32. Ke1 g5 33. Rc4 Re2+ 34. Kf1 Rxh2 35. Rcc8 Ng3+ 36. Ke1 Ne4 37. Rh8+ Kg6 38. Rcg8+ Kf5 0-1

[Event "SUI-ch op 122nd"]
[Site "Leukerbad"]
[Date "2023.07.15"]
[Round "1"]
[White "Schlegel, Igor"]
[Black "Paladini, Jean Michel"]
[Result "1-0"]
[WhiteElo "2298"]
[BlackElo "2029"]
[PlyCount "79"]
[EventDate "2023.07.07"]
[EventType "swiss"]
[EventRounds "9"]
[EventCountry "SUI"]
[SourceTitle "EXT 2024"]
[Source "ChessBase"]
[SourceDate "2023.10.10"]
[SourceVersion "1"]
[SourceVersionDate "2023.10.10"]
[SourceQuality "1"]

1. e4 d6 2. d4 Nf6 3. Nc3 g6 4. Bg5 Bg7 5. Qd2 h6 6. Bh4 c6 7. f4 0-0 8. Bd3 Na6 9. Nf3 Bg4 10. 0-0 Bxf3 11. Rxf3 Qb6 12. Bxa6 bxa6 13. e5 dxe5 14. fxe5 Ng4 15. Rf4 Nxe5 16. Na4 Qd8 17. Qb4 g5 18. dxe5 gxf4 19. Bxe7 Qd5 20. Bxf8 Rxf8 21. Qxf4 Qxe5 22. Qxe5 Bxe5 23. Rd1 Rc8 24. c3 Bf4 25. Kf2 Re8 26. Kf3 Bg5 27. Nc5 Re5 28. Nd3 Re3+ 29. Kf2 Re7 30. Re1 Rd7 31. Ne5 Rb7 32. Re2 c5 33. Nd3 Rc7 34. Re4 Rd7 35. Nxc5 Rd5 36. Nxa6 Bc1 37. Re2 Rb5 38. Nb4 a5 39. Nd3 Bg5 40. Re5 1-0

[Event "Bern op"]
[Site "Bern"]
[Date "2023.05.20"]
[Round "6"]
[White "Manko, Mariya"]
[Black "Schlegel, Igor"]
[Result "1-0"]
[WhiteElo "2117"]
[BlackElo "2316"]
[PlyCount "81"]
[EventDate "2023.05.18"]
[EventType "swiss"]
[EventRounds "7"]
[EventCountry "SUI"]
[SourceTitle "CBM 214 Extra"]
[Source "ChessBase"]
[SourceDate "2023.07.31"]
[SourceVersion "1"]
[SourceVersionDate "2023.07.31"]
[SourceQuality "1"]

1. Nf3 Nf6 2. c4 g6 3. g3 Bg7 4. Bg2 0-0 5. 0-0 d6 6. d4 c6 7. Nc3 Bf5 8. Ne1 Be6 9. b3 d5 10. cxd5 cxd5 11. Bb2 Nc6 12. e3 Qd7 13. Nd3 Bh3 14. Ne5 Qf5 15. Nxc6 bxc6 16. Rc1 Rac8 17. Na4 h5 18. f3 Bxg2 19. Kxg2 Nd7 20. Nc5 Nxc5 21. Rxc5 e5 22. dxe5 Bxe5 23. Bxe5 Qxe5 24. Qd4 Qe6 25. Rfc1 Rfe8 26. R1c3 Re7 27. Ra5 Qd7 28. b4 Rce8 29. Ra6 Qf5 30. Raxc6 Qb1 31. Qxd5 Rxe3 32. Rxe3 Qb2+ 33. Kh3 Rxe3 34. Rxg6+ Kf8 35. Qc5+ Re7 36. Qc8+ Re8 37. Qc5+ Re7 38. Rc6 Qe5 39. Qxe5 Rxe5 40. Ra6 Rb5 41. a3 1-0

[Event "Millennium Masters 2nd"]
[Site "Rosenheim"]
[Date "2023.04.10"]
[Round "9"]
[White "Lohvinov, Petro"]
[Black "Schlegel, Igor"]
[Result "1/2-1/2"]
[WhiteElo "2260"]
[BlackElo "2289"]
[PlyCount "39"]
[EventDate "2023.04.03"]
[EventType "tourn"]
[EventRounds "9"]
[EventCountry "GER"]
[EventCategory "4"]
[SourceTitle "CBM 213 Extra"]
[Source "ChessBase"]
[SourceDate "2023.05.31"]
[SourceVersion "1"]
[SourceVersionDate "2023.05.31"]
[SourceQuality "1"]

1. e4 c5 2. Nf3 d6 3. d4 cxd4 4. Qxd4 Nc6 5. Qe3 Nf6 6. h3 g6 7. Be2 Bg7 8. 0-0 0-0 9. Rd1 Be6 10. Nc3 Rc8 11. a3 Qa5 12. Bd2 Ne5 13. Nxe5 Qxe5 14. f4 Qa5 15. Bf3 Rfe8 16. Ne2 Qc5 17. Qxc5 Rxc5 18. Bc3 Rec8 19. Nd4 Bd7 20. Nb3 1/2-1/2

[Event "Millennium Masters 2nd"]
[Site "Rosenheim"]
[Date "2023.04.07"]
[Round "5"]
[White "Soham, Das1111"]
[Black "Schlegel, Igor"]
[Result "1-0"]
[WhiteElo "2340"]
[BlackElo "2289"]
[PlyCount "35"]
[EventDate "2023.04.03"]
[EventType "tourn"]
[EventRounds "9"]
[EventCountry "GER"]
[EventCategory "4"]
[SourceTitle "CBM 213 Extra"]
[Source "ChessBase"]
[SourceDate "2023.05.31"]
[SourceVersion "1"]
[SourceVersionDate "2023.05.31"]
[SourceQuality "1"]

1. e4 c5 2. c3 d5 3. exd5 Qxd5 4. d4 g6 5. Nf3 Bg7 6. Nbd2 cxd4 7. Bc4 Qh5 8. 0-0 dxc3 9. Ne4 cxb2 10. Bxf7+ Kxf7 11. Qb3+ Kf8 12. Neg5 Nh6 13. Bxb2 Rg8 14. Rfd1 Nc6 15. Rac1 Bxb2 16. Rxc6 Bf6 17. Rxf6+ Kg7 18. Qc3 1-0

[Event "Millennium Masters 2nd"]
[Site "Rosenheim"]
[Date "2023.04.06"]
[Round "4"]
[White "Schlegel, Igor"]
[Black "Zysk, Robert"]
[Result "1-0"]
[WhiteElo "2289"]
[BlackElo "2411"]
[PlyCount "51"]
[EventDate "2023.04.03"]
[EventType "tourn"]
[EventRounds "9"]
[EventCountry "GER"]
[EventCategory "4"]
[SourceTitle "CBM 213 Extra"]
[Source "ChessBase"]
[SourceDate "2023.05.31"]
[SourceVersion "1"]
[SourceVersionDate "2023.05.31"]
[SourceQuality "1"]

1. e4 e6 2. d4 d5 3. Nc3 Nf6 4. Bg5 dxe4 5. Nxe4 Be7 6. Bxf6 gxf6 7. Nf3 b6 8. Bc4 Bb7 9. Qe2 Nd7 10. 0-0-0 c6 11. Rhe1 Qc7 12. Nc3 0-0-0 13. d5 cxd5 14. Bxd5 Nc5 15. Bxb7+ Qxb7 16. g3 Rxd1+ 17. Rxd1 Rd8 18. Nd4 Rd7 19. Qc4 a5 20. a3 e5 21. Ndb5 Rxd1+ 22. Nxd1 Bf8 23. b4 Qe4 24. Qxf7 Bh6+ 25. f4 Bxf4+ 26. Kb1 1-0

[Event "Millennium Masters 2nd"]
[Site "Rosenheim"]
[Date "2023.04.05"]
[Round "3"]
[White "Yelisieiev, Yevhenii"]
[Black "Schlegel, Igor"]
[Result "1/2-1/2"]
[WhiteElo "2402"]
[BlackElo "2289"]
[PlyCount "154"]
[EventDate "2023.04.03"]
[EventType "tourn"]
[EventRounds "9"]
[EventCountry "GER"]
[EventCategory "4"]
[SourceTitle "CBM 213 Extra"]
[Source "ChessBase"]
[SourceDate "2023.05.31"]
[SourceVersion "1"]
[SourceVersionDate "2023.05.31"]
[SourceQuality "1"]

1. d4 Nf6 2. Nf3 g6 3. g3 Bg7 4. Bg2 0-0 5. 0-0 d6 6. b3 b5 7. Ne1 c6 8. a4 b4 9. Nd3 a5 10. Bb2 Bb7 11. Nd2 Qc7 12. c3 bxc3 13. Bxc3 Nd5 14. Bb2 Na6 15. Rc1 Nab4 16. Nc4 Ba6 17. Ne1 Rab8 18. Qd2 Na2 19. Ra1 Rxb3 20. Nxa5 Rxb2 21. Qxb2 Nac3 22. Nb3 Nxe2+ 23. Kh1 Rb8 24. Nf3 Qb6 25. Ra3 Nxd4 26. Nfxd4 Bxf1 27. Bxf1 Qb4 28. Qa1 c5 29. Bg2 Bxd4 30. Nxd4 Qb1+ 31. Bf1 cxd4 32. Qxb1 Rxb1 33. Kg2 Nb4 34. a5 d3 35. Bxd3 Nxd3 36. Rxd3 Ra1 37. Rd5 Kf8 38. Rb5 e5 39. Kf3 Ke7 40. Ke4 Ke6 41. Kd3 Rc1 42. Rb2 Ra1 43. Rb5 Rc1 44. Rb2 Kd5 45. Ra2 Rc7 46. a6 Ra7 47. Ra5+ Kc6 48. Kc4 f6 49. Kb4 Kb6 50. Rd5 Kc6 51. Ra5 Kb6 52. Rd5 Rd7 53. Ra5 h5 54. h4 Rc7 55. Rd5 Rc6 56. Ra5 Ka7 57. Ra3 Rxa6 58. Rf3 d5 59. Kc5 d4 60. Rb3 Re6 61. f4 exf4 62. gxf4 Re4 63. Rg3 Rxf4 64. Rxg6 Kb7 65. Kc4 Kc6 66. Rh6 Rxh4 67. Rxf6+ Kd7 68. Rh6 Ke7 69. Kd3 Kd7 70. Kc4 Ke7 71. Kd3 Kf7 72. Rd6 Rg4 73. Rxd4 Kf6 74. Rd5 h4 75. Ke3 Kg6 76. Rd8 Rg3+ 77. Kf4 Ra3 1/2-1/2

[Event "EU-ch U18 30th"]
[Site "Antalya"]
[Date "2022.11.11"]
[Round "6"]
[White "Dahl, Max"]
[Black "Schlegel, Igor"]
[Result "1/2-1/2"]
[WhiteElo "2152"]
[BlackElo "2307"]
[PlyCount "56"]
[EventDate "2022.11.06"]
[EventType "swiss"]
[EventRounds "9"]
[EventCountry "TUR"]
[SourceTitle "EXT 2024"]
[Source "ChessBase"]
[SourceDate "2023.10.10"]
[SourceVersion "1"]
[SourceVersionDate "2023.10.10"]
[SourceQuality "1"]

1. d4 d5 2. c4 e6 3. Nc3 a6 4. cxd5 exd5 5. Nf3 Nf6 6. Bg5 Be6 7. e3 Nbd7 8. Bd3 Bd6 9. 0-0 c6 10. Rc1 Qc7 11. h3 h6 12. Bxf6 Nxf6 13. Na4 Nd7 14. Nc5 Nxc5 15. dxc5 Be7 16. Nd4 Bd7 17. b4 0-0 18. a4 Rfe8 19. Qc2 Qe5 20. Bf5 Bxf5 21. Qxf5 Qc7 22. Rfd1 Bf8 23. Qc2 Re4 24. Qc3 Rae8 25. Rd2 Rc8 26. Rdc2 Qd7 27. Rb1 g6 28. Qd3 h5 1/2-1/2

[Event "Biel HTO 55th"]
[Site "Biel"]
[Date "2022.07.16"]
[Round "4"]
[White "Korley, Kassa"]
[Black "Schlegel, Igor"]
[Result "1-0"]
[WhiteElo "2421"]
[BlackElo "2194"]
[PlyCount "71"]
[EventDate "2022.07.13"]
[EventType "swiss"]
[EventRounds "9"]
[EventCountry "SUI"]
[SourceTitle "CBM 209 Extra"]
[Source "ChessBase"]
[SourceDate "2022.09.30"]
[SourceVersion "1"]
[SourceVersionDate "2022.09.30"]
[SourceQuality "1"]

1. Nf3 Nf6 2. g3 g6 3. Bg2 Bg7 4. d4 0-0 5. 0-0 d6 6. c4 Nc6 7. Nc3 e5 8. d5 Nb8 9. e4 a5 10. Re1 Na6 11. Rb1 Nd7 12. a3 Nb6 13. Bf1 Nc5 14. b4 axb4 15. axb4 Nca4 16. Nxa4 Nxa4 17. Qc2 f5 18. Ng5 fxe4 19. Ra1 Bf5 20. Be3 Nb6 21. Ne6 Bxe6 22. dxe6 Rb8 23. Red1 Nc8 24. Qxe4 Qf6 25. c5 Qf5 26. Qh4 Bf6 27. Qc4 Be7 28. h4 c6 29. Bd3 Qh3 30. Qe4 Qf5 31. Qxf5 gxf5 32. Bh6 Rf6 33. Bg5 e4 34. cxd6 Nxd6 35. Bc2 Rxe6 36. Bxe7 1-0

[Event "SUI-ch 121st"]
[Site "Samnaun"]
[Date "2022.07.10"]
[Round "9"]
[White "Schlegel, Igor"]
[Black "Fecker, Noah"]
[Result "0-1"]
[WhiteElo "2194"]
[BlackElo "2387"]
[PlyCount "54"]
[EventDate "2022.07.04"]
[EventType "swiss"]
[EventRounds "9"]
[EventCountry "SUI"]
[SourceTitle "CBM 209 Extra"]
[Source "ChessBase"]
[SourceDate "2022.09.30"]
[SourceVersion "1"]
[SourceVersionDate "2022.09.30"]
[SourceQuality "1"]

1. e4 c5 2. Nf3 e6 3. d4 cxd4 4. Nxd4 Nc6 5. Nc3 Qc7 6. Be3 a6 7. Qf3 Nf6 8. 0-0-0 Ne5 9. Qg3 b5 10. f4 Neg4 11. e5 Nxe3 12. Qxe3 b4 13. Na4 Nd5 14. Qg3 g6 15. Kb1 Bh6 16. Ne2 Bb7 17. Qh4 Rc8 18. c4 Bg7 19. Qf2 Qxc4 20. Nd4 Qc7 21. Nb3 0-0 22. Rc1 Qb8 23. Nac5 Qa7 24. Qd2 Bh6 25. Rc4 Bc6 26. Rd4 a5 27. Na6 Bb7 0-1

[Event "SUI-ch TP1"]
[Site "Payerne"]
[Date "2022.05.28"]
[Round "5"]
[White "Gschnitzer, Adrian"]
[Black "Schlegel, Igor"]
[Result "0-1"]
[WhiteElo "2441"]
[BlackElo "2183"]
[PlyCount "54"]
[EventDate "2022.05.26"]
[EventType "swiss"]
[EventRounds "7"]
[EventCountry "SUI"]
[SourceTitle "CBM 208 Extra"]
[Source "ChessBase"]
[SourceDate "2022.07.31"]
[SourceVersion "1"]
[SourceVersionDate "2022.07.31"]
[SourceQuality "1"]

1. e4 c5 2. Nf3 d6 3. d4 cxd4 4. Nxd4 Nf6 5. Nc3 a6 6. Bg5 Nbd7 7. Qe2 h6 8. Bh4 g6 9. f4 e5 10. fxe5 dxe5 11. 0-0-0 Qc7 12. Nb3 b5 13. Rxd7 Nxd7 14. Nd5 Qb8 15. Na5 Bg7 16. Qf3 Bb7 17. Qa3 Bf8 18. Qd3 Bc5 19. Be2 0-0 20. Ne7+ Bxe7 21. Bxe7 Rc8 22. Qxd7 Bxe4 23. Bd1 Qb6 24. Qd2 Qe6 25. Qb4 Qf5 26. Qb3 Rxc2+ 27. Bxc2 Rc8 0-1

[Event "Bassano del Grappa Easter op-A 2nd"]
[Site "Bassano del Grappa"]
[Date "2022.04.14"]
[Round "2"]
[White "Schlegel, Igor"]
[Black "Gallego Alcaraz, Andres Felipe"]
[Result "0-1"]
[WhiteElo "2249"]
[BlackElo "2523"]
[PlyCount "94"]
[EventDate "2022.04.14"]
[EventType "swiss"]
[EventRounds "9"]
[EventCountry "ITA"]
[SourceTitle "CBM 207 Extra"]
[Source "ChessBase"]
[SourceDate "2022.05.31"]
[SourceVersion "1"]
[SourceVersionDate "2022.05.31"]
[SourceQuality "1"]

1. e4 c5 2. Nf3 Nc6 3. Bb5 g6 4. Bxc6 bxc6 5. 0-0 Bg7 6. d3 d6 7. h3 Nh6 8. Re1 f6 9. Be3 0-0 10. c3 Nf7 11. d4 cxd4 12. cxd4 e5 13. Nc3 Qe7 14. b4 Qb7 15. Rb1 Be6 16. Qd2 Rfd8 17. b5 c5 18. dxc5 dxc5 19. Qc2 Bf8 20. Na4 Rac8 21. b6 Rc6 22. Qb2 axb6 23. Nxb6 Rb8 24. Na4 Qxb2 25. Rxb2 Rxb2 26. Nxb2 Nd6 27. Rc1 Nxe4 28. Nc4 Ra6 29. Ncd2 Nxd2 30. Nxd2 Rxa2 31. Ne4 c4 32. Nxf6+ Kg7 33. Ne8+ Kf7 34. Nc7 Ba3 35. Rc3 Bb4 36. Rc1 c3 37. Nxe6 Kxe6 38. g4 c2 39. Kg2 Kd5 40. Kf3 e4+ 41. Kf4 h6 42. Kg3 g5 43. h4 Ba3 44. Rh1 Bd6+ 45. Kg2 Bf4 46. Bxf4 gxf4 47. g5 h5 0-1

[Event "Bad Ragaz Swiss YM"]
[Site "Bad Ragaz"]
[Date "2021.03.09"]
[Round "4"]
[White "Schlegel, Igor"]
[Black "Stijve, Theo"]
[Result "1/2-1/2"]
[WhiteElo "2020"]
[BlackElo "2241"]
[PlyCount "88"]
[EventDate "2021.03.06"]
[EventType "tourn"]
[EventRounds "9"]
[EventCountry "SUI"]
[SourceTitle "CBM 201 Extra"]
[Source "ChessBase"]
[SourceDate "2021.05.31"]
[SourceVersion "1"]
[SourceVersionDate "2021.05.31"]
[SourceQuality "1"]

1. e4 c5 2. Nf3 d6 3. d4 cxd4 4. Nxd4 Nf6 5. Nc3 a6 6. Bc4 e6 7. Bb3 b5 8. 0-0 Be7 9. Qf3 Qb6 10. Be3 Qb7 11. Qg3 b4 12. Na4 Nbd7 13. f3 0-0 14. Rfd1 Ne5 15. Ne2 Bd7 16. Nb6 Rab8 17. Nxd7 Nexd7 18. Bh6 Ne8 19. Bg5 Bxg5 20. Qxg5 Nc5 21. Nf4 Qb6 22. Kh1 Nf6 23. Nd3 Nxb3 24. axb3 Rfc8 25. Qa5 Rxc2 26. Qxa6 h5 27. Qxb6 Rxb6 28. Rac1 Rbc6 29. Rxc2 Rxc2 30. Kg1 d5 31. Nxb4 Rxb2 32. exd5 Rxb3 33. dxe6 fxe6 34. Nd3 Nd5 35. Rd2 Kf7 36. Kf2 Rc3 37. h4 Kf6 38. g3 Kf5 39. Ne1 Nb4 40. Rd4 Nd5 41. Re4 e5 42. Ng2 Nf6 43. Ne3+ Ke6 44. Ra4 Rc6 1/2-1/2